Countries With Purple, Pink, Brown Or Grey On Their Flag- Sudden Death - Statistics

General Stats
  • This quiz has been taken 299 times
  • The average score is 5 of 10
Answers on the Grid
Answers color-coded by a green-red scale on the quiz's grid according to % correct below.
Mexico
Bahrain
Malta
Chad
El Salvador
Spain
Tonga
Guatemala
Fiji
Brazil
Andorra
Lithuania
Lebanon
Dominica
Vatican City
Kazakhstan
Monaco
Taiwan
Nicaragua
Panama
 
Answer Stats
Answer % Correct
Mexico
66%
Spain
62%
Dominica
60%
Vatican City
55%
Andorra
51%
El Salvador
47%
Nicaragua
46%
Guatemala
45%
Fiji
44%
Malta
44%
No matching quizzes found
Score Distribution
Percent of People with Each Score
Percentile by Number Answered
Your Score History
You have not taken this quiz